Holiday Quiz

Random Holiday or Carol Quiz
Score 0/15 Timer 04:00
5 Plays Today
% Correct
Silent Night
93.6%
Frosty the Snowman
90.6%
Blue Christmas
88.1%
Jingle Bell Rock
86.8%
Rudolph the Red-Nosed Reindeer
85.2%
Run Rudolph Run
83.5%
Rockin' Around the Christmas Tree
80.8%
The Twelve Days of Christmas
75.8%
% Correct
Sleigh Ride
72.8%
Deck the Halls
71%
Joy to the World
67.6%
We Three Kings
66.3%
Feliz Navidad
61%
The Holly and the Ivy
58.8%
Silver and Gold
36.8%
Remove Ads.
Support Sporcle.
Get the best of Sporcle when you Go Orange. This ad-free experience offers more features, more stats, and more fun while also helping to support Sporcle. Thank you for becoming a member.

You're not logged in!

Compare scores with friends on all Sporcle quizzes.
OR
Log In

Show Comments

Extras

Top Quizzes Today


Score Distribution

Your Account Isn't Verified!

In order to create a playlist on Sporcle, you need to verify the email address you used during registration. Go to your Sporcle Settings to finish the process.

Report this User

Report this user for behavior that violates our Community Guidelines.

Details: